000 03683cam a22012974i 4500
003 PE-LiUPU
005 20250813185635.0
008 150706s2010 pe a r 000 0 spa d
020 _a6074427534
020 _a9786074427530
035 _a(Sirsi) i9786074427530
040 _aPE-LiUPU
_bspa
_cPE-LiUPU
_erda
049 _aPRUA
082 0 4 _a382.413
_bL6
_221
245 0 1 _aLineamientos estratégicos para la exportación de menestras del Perú /
_cJorge Benzaquen de las Casas . [et al.].
250 _a1a ed.
264 1 _aLima :
_bPontificia Universidad Católica del Perú,
_c2010.
300 _a227 páginas :
_bilustraciones ;
_c24 centímetros.
336 _atext
_2rdacontent
337 _aunmediated
_2rdamedia
338 _avolume
_2rdacarrier
490 0 _aColección Gerencia al día ;
_v41
505 0 _aObjetivo de la investigación -- Justificación, viabilidad y limitación -- Marco conceptual -- Las menestras -- Evaluación externa -- Análisis interno -- Implementación estratégica, evaluación y control -- Conclusiones y recomendaciones.
526 _aP202
526 _aP201
526 _aP163
526 _aP162
526 _aP161
526 _aP160
526 _aP148
526 _aP147
526 _aP146
526 _aP145
526 _aP144
526 _aP143
526 _aP142
526 _aP141
526 _aP140
526 _aP139
526 _aP138
526 _aP137
526 _aP136
526 _aP135
526 _aP134
526 _aP133
526 _aP129
526 _aP128
526 _aP127
526 _aP120
526 _aP119
526 _aP118
526 _aP116
526 _aP115
526 _aP114
526 _aP110
526 _aP109
526 _aP108
526 _aP104
526 _aP103
526 _aP102
526 _aP99
526 _aP98
526 _aP97
526 _aP96
526 _aP95
526 _aP93
526 _aP90
526 _aP89
526 _aP88
526 _aP83
526 _aP82
526 _aP62
526 _aP59
526 _aP58
526 _aP57
526 _aP51
526 _aP49
526 _aP48
526 _aP47
526 _aP29
526 _aP24
526 _aP20
526 _aP19
526 _aP17
526 _aP15
526 _aP14
526 _aP12
526 _aP10
526 _aP09
526 _aP08
526 _aP07
526 _aP06
526 _aP05
526 _aP04
526 _aP01
541 _g001-000103;
541 _g001-000103;
650 0 4 _aMenestras
_xExportaciones
_zPerú.
650 0 4 _aAlimentos
_xIndustria y comercio
_zPerú.
650 0 4 _aProducción agrícola
_zPerú.
700 1 _aBenzaquen de las casas, Jorge,
_eaut.
700 1 _aAlfaro Espinoza, César,
_eautor.
910 _agl
_clch
_d20131125
942 _2ddc
_cBOOK
949 _a382.413 L6
_wDEWEY
_c1
_i69015
_lCCODEBUL1
_mBUL
_p46.00
_r0
_sY
_tBOOK
_u2015-7-6
_xFCE
_PP08
_o.STAFF. Colección General
949 _a382.413 L6
_wDEWEY
_c2
_i69016
_lCCODEBUL1
_mBUL
_p46.00
_r0
_sY
_tBOOK
_u2015-7-6
_xFCE
_PP08
_o.STAFF. Colección General
994 _aC0
_bPEPRU
596 _a1
999 _a382.413 L6
_wDEWEY
_c56147
_i69015
_f2021-11-5
_g6
_lCCODEBUL1
_mBUL
_p46.00
_r0
_sN
_tBOOK
_u2015-7-6
_xFCE
_zP08
_0COMPRA
_o.STAFF. Colección General
_d56147
999 _a382.413 L6
_wDEWEY
_c2
_i69016
_f2021-11-5
_g6
_lCCODEBUL1
_mBUL
_p46.00
_r0
_sN
_tBOOK
_u2015-7-6
_xFCE
_zP08
_0COMPRA
_o.STAFF. Colección General
980 _81
_gALBERTO SANCHEZ Responsable de Automatización